000 00530nam a2200193 a 4500
001 1770798118432
003 YourLibrary
005 20260211135743.0
008 260211s1994##################000#0#eng##
020 _a9780333372937
082 0 4 _a306.85
_bODA
100 1 _aO'Day, Rosemary,
_eauthor.
245 1 0 _aThe Family and Family Relationships, 1500-1900 :
260 _bRed Globe Press,
_c1994.
300 _a380 pages
650 0 _aFamily & Relationships.
942 _cENGLISH
040 _aYourLibrary
_beng
_cYourLibrary
999 _c611679
_d611679